Perspectives of Law and Public Administration

Na minha lista:
Detalhes bibliográficos
Formato: Periódico
Idioma:inglês
Publicado em: Bucureşti Adjuris
Tags: Adicionar Tag
Sem tags, seja o primeiro a adicionar uma tag!

MARC

LEADER 00000nls a2200000 4500
001 0279758
005 20240417073941.3
022 |a 2601-7830 
041 0 |a eng 
044 |a RO 
245 1 0 |a Perspectives of Law and Public Administration 
264 1 |a Bucureşti  |b Adjuris